Mens NCAA March Madness Bracket 2026 - Final 4, Finals, and Champion - Statistics

General Stats
  • This quiz has been taken 16 times
  • The average score is 5 of 7
Answer Stats
Hint Answer % Correct
2 UConn
100%
1 Arizona
91%
3 Illinois
91%
1 Michigan
82%
Finals UConn
73%
Finals Michigan
55%
Champion Michigan
45%
No matching quizzes found
Score Distribution
Percent of People with Each Score
Percentile by Number Answered
Your Score History
You have not taken this quiz